000 00669nam a22002177a 4500
003 DO-SdBNP
005 20221109132600.0
007 ta
008 221109b2022 dr a|||| |||| 00| 0 spa d
020 _a9789945409543
040 _aDO-SdBNP
_bspa
_cBNPHU
082 4 _222
100 1 _aSánchez Bello, Fabio
_982769
245 1 0 _aMedio siglo de ajedrez azuano (1969-2019) /
_cFabio Sánchez Bello ; prefacio Pedro Genaro Rodríguez
260 _aSanto Domingo :
_bFR Multiservicios,
_c2022.
300 _a262 p. :
_bil. ;
_c23 cm.
590 _aInventariado, 2022/BT
700 1 _aGenaro Rodríguez, Pedro,
_eprefacio
_982770
910 _aBtavárez
942 _2ddc
_cLBS1
999 _c52842
_d52842